Responses for show #7910 - Friday, January 18, 2019

Contestants

David Moo, a cocktail bartender from Brooklyn, New York

Megan Logsdon, a wildlife technician from Kernville, California

John Presloid, a microbiologist from Perrysburg, Ohio (whose 2-day cash winnings total $37,200)

Jeopardy! Round responses

AFRICAN CAPITALS
IN THE NATO PHONETIC ALPHABET
HERE COMES THE SONG TITLE!
BETWEEN THE WORLD WARS
CHARLIE
THE CHOCOLATE FACTORY
    $200 1
Cairo

John
    $200 7
Oscar

Megan
    $200 14
"Like a Virgin"

John
    $200 17
the League of Nations

John
    $200 21
Berlin

David
    $200 26
(Milton) Hershey

David
    $400 2
Kenya

Megan
    $400 9
(David: What is alpha?)
...
(Alex: [*], triangulate.)

delta

MeganDavid
    $400 15
"Bad Blood"

John
    $400 18
1929

Megan
    $400 22
(John: Who is Charles II?)

Charles I

JohnDavid
    $400 27
milk

John
    $600 4
Somalia

John
    $600 12
Zulu

John
    $600 8
"Like A Rolling Stone"

John
    $600 10
Mussolini

Megan
    $600 23
(Charlie) Day

Megan
    $600 28
a brewery

Megan
    $800 5
Uganda

John
    $800 3
Yankee

John
    $800 11
"Counting Stars"

John
    $800 20
(Alex: Good. You're on the plus side again.)

evolution

David
    $800 24
Flowers for Algernon

John
    $800 29
Ghirardelli

David
    $2,400 6
(Alex: Talking about Liberia. Well done.)

Monrovia

John
    $1000 13
victor

John
    $1000 16
(Alex: Yep, I will.)

"Play That Funky Music (White Boy)"

John
    $1000 19
(Wallis Warfield) Simpson

John
    $1000 25
Charlie Hebdo

David
    $1000 30
Cadbury

Megan

Scores at the first commercial break (after clue 15):

John Megan David
$8,400 $1,600 -$400

Scores at the end of the Jeopardy! Round:

John Megan David
$11,400 $4,200 $3,000

Double Jeopardy! Round responses

AUTHORIZED FICTION
FROM THE FRENCH
COMIC "ON"
(Alex: Each correct response will end in those two letters of the alphabet.)
SOME SCIENCE, THEN DEATH
LOVE & MARRIAGE
MADLIBERALS
(Alex: Just as in Mad Libs, you have to fill in the missing word.)
    $400 26
(Ian) Fleming

John
    $400 1
fiancé

John
    $400 12
Amazon

Megan
    $400 24
(Alexander Graham) Bell

John
    $400 18
happily ever after

Megan
    $400 15
hell

Megan
    $800 27
Jane

John
    $800 8
(Megan: What is memento?)

souvenir

MeganDavid
    $800 11
Sauron

John
    $800 25
(George Washington) Carver

John
    $800 28
monogamous

Megan
    $800 21
(John: Who is Kemp?)

Kennedy

JohnDavid
    $1200 13
The Hitchhiker's Guide to the Galaxy

John
    $1200 6
(John: What's a sommelier?)
(Megan: What is an epicurean?)

gourmet

JohnMeganDavid
    $1200 2
Watson

John
    $1200 5
Pasteur

David
    $5,000 4
(Alex: You're tempted, aren't you? You're tempted to say, "Let's make it a true Daily Double." I can see it in your eyes.)

obey

John
    $1200 30
die

Megan
    $1600 22
Hundred Acre

Megan
    $1600 3
bistro

Triple Stumper
    $1600 9
Ultron

John
    $5,000 14
(John: 5--)
(Alex: I know you're tempted to make it a True Daily Double.)
(John: $5,000.)
(Alex: $5,000 again. All right.)

Linnaeus

John
    $1600 17
celibates

John
    $1600 29
free

David
    $2000 20
Arthur Conan Doyle

David
    $2000 7
raison d'ĂȘtre

David
    $2000 10
photon

John
    $2000 19
(John: Who is Copernicus?)

Kepler

JohnMegan
    $2000 16
an arranged marriage

David
    $2000 23
boot

John

Scores at the end of the Double Jeopardy! Round:

John Megan David
$30,600 $9,000 $14,600
(lock game)

[wagering suggestions for these scores]

Final Jeopardy! Round responses

TV PERSONALITIES
(Alex: A lot of possibilities for this Final, but this TV personality was a guest on Celebrity Jeopardy! on a few occasions.)
...
(Alex: And of course, the two programs--Who Wants To Be a Millionaire? on the network and Live! with Regis in syndication.)
MeganWho is Gera Dr. Phil
$5,700
DavidWho is Larry King?
$3,401
JohnWho is Ryan Seacrest?
$600
Regis Philbin

Final scores:

John Megan David
$30,000 $3,300 $11,199
3-day champion: $67,200 3rd place: $1,000 2nd place: $2,000

Game dynamics:

Coryat scores:

John Megan David
$22,000 $9,000 $14,600
30 R
(including 3 DDs),
4 W
15 R,
2 W
14 R,
1 W

Combined Coryat: $45,600

The J! Archive is created by fans, for fans. The Jeopardy! game show and all elements thereof, including but not limited to copyright and trademark thereto, are the property of Jeopardy Productions, Inc. and are protected under law. This website is not affiliated with, sponsored by, or operated by Jeopardy Productions, Inc. Join the discussion at JBoard.tv.